Statistics for Australian NBA Players

Click here to take the quiz!

General Stats

  • This quiz has been taken 96 times
  • The average score is 5 of 8

Answer Stats

Team Answer % Correct
WarriorsAndrew Bogut
90%
SpursPatty Mills
76%
JazzJoe Ingles
65%
CavaliersKyrie Irving
64%
CavaliersMatthew Dellavedova
63%
PistonsAron Baynes
41%
JazzDante Exum
41%
BullsCameron Bairstow
17%

Score Distribution

Percentile by Number Answered

Percent of People with Each Score

Your Score History

You have not taken this quiz